top 50 highest grossing movies of the 90s - Statistics

General Stats
  • This quiz has been taken 55 times
  • The average score is 17 of 50
Answer Stats
Hint Answer % Correct
1.(1997)$1,843,201,268 Titanic
91%
3.(1993)$914,691,118 Jurassic Park
73%
29.(1995)$373,554,033 Toy Story
69%
5.(1994)$763,455,561 The Lion King
62%
16.(1998)$481,840,909 Saving Private Ryan
53%
13.(1992)$504,050,219 Aladdin
51%
47(1995)$336,529,144 Batman Forever
51%
9.(1997)$589,390,539 Men In Black
51%
15.(1999)$485,015,179 Toy Story 2
49%
44 (1991)$346,317,207 Beauty & The Beast
47%
4.(1996)$817,400,891 Independence Day
47%
18.(1999)$463,517,383 The Matrix
47%
10.(1998)$553,709,788 Armageddon
42%
12.(1990)$505,702,588 Ghost
42%
11.(1991)$519,843,345 Terminator 2 Judgment Day
42%
17.(1990)$476,684,675 Home Alone
40%
6.(1994)$677,387,716 Forest Gump
38%
20.(1996)$457,696,359 Mission Impossible
38%
41.(1994)$351,583,407 The Mask
38%
34.(1998)$363,398,565 A Bugs Life
36%
2.(1999)$924,317,558 Star Wars The Phantom Menace
36%
7.(1999)$672,806,292 The Sixth Sense
36%
45(1995)$346,079,773 Pocahontas
33%
22.(1993)$441,286,195 Mrs. Doubtfire
31%
50(1995)$327,311,859 Seven
31%
21.(1999)$448,191,819 Tarzan
31%
48.(1996)$335,062,621 The Rock
31%
38.(1995)$355,237,933 Apollo 13
29%
19.(1990)$463,406,268 Pretty Woman
29%
23(1990)$424,208,848 Dances With Wolves
27%
42.(1994)350,448,145 Speed
27%
24.(1999)$415,933,406 The Mummy
27%
31.(1993)$368,875,760 The Fugitive
24%
14.(1996)$494,471,524 Twister
24%
43.(1998)$349,464,664 Deep Impact
20%
40.(1995)$352,194,034 Goldeneye
20%
8.(1997)$618,638,999 The Lost World Jurassic Park
20%
37.(1999)$356,296,601 American Beauty
18%
32.(1995)$366,101,666 Die Hard With A Vengeance
18%
27.(1998)$379,014,294 Godzilla
18%
36(1992)$358,994,850 Home Alone 2 Lost In New York
18%
33.(1999)$363,889,678 Notting Hill
18%
26.(1991)$390,493,908 Robin Hood Prince Of Thieves
18%
49(1997)$333,011,068 Tomorrow Never Dies
18%
28.(1994)$378,882,411 True Lies
16%
25.(1992)$411,006,740 The Bodyguard
13%
35.(1999)$361,832,400 The World Is Not Enough
13%
30.(1998)$369,884,651 There's Something About Mary
11%
39.(1992)$352,927,224 Basic Instinct
4%
46(1994)$341,631,208 The Flintstones
4%
No matching quizzes found
Score Distribution
Percent of People with Each Score
Percentile by Number Answered
Your Score History
You have not taken this quiz